Federal Government / (Record no. 616245)

000 -LEADER
fixed length control field 00312nam a22001217a 4500
082 ## - DEWEY DECIMAL CLASSIFICATION NUMBER
Classification number 994.06305
Author Mark WHE
100 ## - MAIN ENTRY--PERSONAL NAME
Personal name Wheare, K.C.
245 ## - TITLE STATEMENT
Title Federal Government /
Statement of responsibility, etc. K.C. Wheare
260 ## - PUBLICATION, DISTRIBUTION, ETC.
Place of publication, distribution, etc. London :
Name of publisher, distributor, etc. Oxford University Press,
Date of publication, distribution, etc. 1968.
300 ## - PHYSICAL DESCRIPTION
Extent 266 p. ;
Dimensions 21 cm.
563 ## - BINDING INFORMATION
Binding note HB.
942 ## - ADDED ENTRY ELEMENTS (KOHA)
Source of classification or shelving scheme
Koha item type Book
Holdings
Withdrawn status Lost status Source of classification or shelving scheme Damaged status Not for loan Permanent Location Current Location Date acquired Source of acquisition Total Checkouts Full call number Barcode Date last seen Price effective from Koha item type
          NUST Law School (NLS) NUST Law School (NLS) 02/17/2026 Donated by Mr. Salahuddin Khan Advocate Supreme Court of Pakistan   994.06305 WHE NLSD-561 02/17/2026 02/17/2026 Book
© 2023 Central Library, National University of Sciences and Technology. All Rights Reserved.